Matematika versus výpočtová technika v marginálnej ekonómii

Vhodné matematické postupy a excelovské aplikácie pri riešení úloh v marginálnej ekonómii. Ekonomika firmy vyrábajúcej a predávajúcej jeden výrobok, a to v prostredí dokonalej konkurence.

Na minha lista:
Detalhes bibliográficos
Autor principal: Dávid, Arnold
Outros Autores: Peller, František
Formato: Capítulo de Livro
Idioma:eslovaco
Assuntos:
Tags: Adicionar Tag
Sem tags, seja o primeiro a adicionar uma tag!

MARC

LEADER 00000naa$a2200000$$$4500
001 0037414
005 20240502071455.6
041 0 |a slo 
044 |a SK 
245 1 0 |a Matematika versus výpočtová technika v marginálnej ekonómii  |c Arnold Dávid, František Peller 
520 |a Vhodné matematické postupy a excelovské aplikácie pri riešení úloh v marginálnej ekonómii. Ekonomika firmy vyrábajúcej a predávajúcej jeden výrobok, a to v prostredí dokonalej konkurence. 
610 2 0 |a metódy matematické 
610 2 0 |a technika výpočtová 
610 2 0 |a teórie ekonomické 
610 2 0 |a matematika výpočtová 
610 2 0 |a náklady variabilné 
610 2 0 |a rozhodovanie manažérske 
610 2 0 |a analýza matematická 
100 1 |a Dávid, Arnold 
700 1 |a Peller, František